[Event "BCF-chT4 2223 (4NCL)"]
[Site "England"]
[Date "2023.01.07"]
[Round "3.14"]
[White "Garcia Ruiz, Fuentes Aitor"]
[Black "Curran, David P1111"]
[Result "1-0"]
[WhiteElo "2060"]
[BlackElo "1770"]
[PlyCount "67"]
[EventDate "2022.11.05"]
[EventType "team-swiss"]
[EventRounds "11"]
[EventCountry "ENG"]
[SourceTitle "EXT 2024"]
[Source "ChessBase"]
[SourceDate "2023.10.10"]
[SourceVersion "1"]
[SourceVersionDate "2023.10.10"]
[SourceQuality "1"]
[WhiteTeam "Average Wood Pushers"]
[BlackTeam "Oxford III"]
[WhiteTeamCountry "ENG"]
[BlackTeamCountry "ENG"]

1. d4 Nf6 2. c4 g6 3. Nc3 Bg7 4. e4 d6 5. f3 0-0 6. Be3 e5 7. d5 a5 8. Qd2 Ne8 9. g4 f5 10. exf5 gxf5 11. h3 f4 12. Bf2 Nf6 13. Bd3 Qe8 14. 0-0-0 Bd7 15. g5 Nh5 16. Qc2 Qf7 17. Bxh7+ Kh8 18. Bg6 Bf5 19. Bxf7 Bxc2 20. Bxh5 Bxd1 21. Kxd1 Nd7 22. Ne4 Rfd8 23. Bg4 a4 24. Ne2 Bf8 25. N2c3 Be7 26. h4 c6 27. h5 Nc5 28. Kc2 Nxe4 29. Nxe4 c5 30. h6 b5 31. g6 bxc4 32. g7+ Kh7 33. Bf5+ Kg8 34. Rg1 1-0

[Event "Mostoles op 8th"]
[Site "Mostoles"]
[Date "2015.07.19"]
[Round "4"]
[White "Garcia Ruiz, Fuentes Aitor"]
[Black "Pastor Alonso de Prado, Emilio Alberto"]
[Result "0-1"]
[WhiteElo "2031"]
[BlackElo "2172"]
[PlyCount "88"]
[EventDate "2015.07.16"]
[EventType "swiss"]
[EventRounds "9"]
[EventCountry "ESP"]
[SourceTitle "EXT 2016"]
[Source "ChessBase"]
[SourceDate "2015.10.08"]
[SourceVersion "1"]
[SourceVersionDate "2015.10.08"]
[SourceQuality "1"]

1. d4 d5 2. c4 e6 3. Nc3 Nf6 4. cxd5 exd5 5. Bg5 c6 6. Qc2 Nbd7 7. e3 Be7 8. Bd3 0-0 9. Nge2 Re8 10. 0-0 g6 11. f3 Nh5 12. Bxe7 Qxe7 13. e4 Nb6 14. Rae1 Be6 15. e5 c5 16. Qd2 Red8 17. b3 a6 18. Qh6 Rac8 19. Rc1 Ng7 20. Ng3 Nd7 21. f4 f5 22. Nce2 cxd4 23. Nxd4 Nc5 24. Bb1 Ne4 25. Nge2 Rc5 26. Rxc5 Qxc5 27. Rc1 Qb6 28. Qh4 Re8 29. Qh3 Bd7 30. Qe3 Qa5 31. Nf3 Rc8 32. Rxc8+ Bxc8 33. Qc1 Qd8 34. Ned4 Be6 35. h4 Qb6 36. Kh2 h6 37. a3 a5 38. a4 Bd7 39. Qe3 Qb4 40. Qd3 Nh5 41. Nxf5 Nxf4 42. Nxh6+ Kh7 43. Qe3 Qf8 44. Ng4 Bxg4 0-1

[Event "Madrid-ch final"]
[Site "Madrid"]
[Date "2015.06.02"]
[Round "2"]
[White "Garcia Ruiz, Fuentes Aitor"]
[Black "Ortega Ruiz, Jose Miguel"]
[Result "0-1"]
[WhiteElo "2020"]
[BlackElo "2285"]
[PlyCount "66"]
[EventDate "2015.05.27"]
[EventType "k.o."]
[EventRounds "4"]
[EventCountry "ESP"]
[SourceTitle "EXT 2018"]
[Source "ChessBase"]
[SourceDate "2017.10.13"]
[SourceVersion "1"]
[SourceVersionDate "2017.10.13"]
[SourceQuality "1"]

1. d4 Nf6 2. c4 e6 3. Nc3 Bb4 4. f3 c5 5. d5 b5 6. e4 0-0 7. Bd3 bxc4 8. Bxc4 exd5 9. Bxd5 Nxd5 10. Qxd5 Nc6 11. Be3 Ba6 12. Nge2 Re8 13. Rd1 Ne5 14. Nc1 Bc4 15. Qd2 d5 16. a3 Bxc3 17. bxc3 Qe7 18. f4 Ng4 19. e5 f6 20. Nd3 fxe5 21. 0-0 e4 22. Ne5 Nxe5 23. fxe5 Bxf1 24. Qxd5+ Qf7 25. Qxf7+ Kxf7 26. Rxf1+ Kg6 27. Bf4 Rad8 28. Re1 Kf5 29. Rf1 Ke6 30. Re1 Rf8 31. Rxe4 g5 32. Bg3 Rd1+ 33. Be1 Rf5 0-1

[Event "Parla 25 Jubilee op"]
[Site "Parla"]
[Date "2008.09.08"]
[Round "3"]
[White "Garcia Ruiz, Fuentes Aitor"]
[Black "Perez Alvarez, Javier"]
[Result "1/2-1/2"]
[WhiteElo "2056"]
[BlackElo "1727"]
[PlyCount "92"]
[EventDate "2008.09.06"]
[EventType "swiss"]
[EventRounds "9"]
[EventCountry "ESP"]
[SourceTitle "CBM 126 Extra"]
[Source "ChessBase"]
[SourceDate "2008.11.05"]
[SourceVersion "1"]
[SourceVersionDate "2008.11.05"]
[SourceQuality "1"]

1. e4 e6 2. d4 d5 3. Nd2 c5 4. Ngf3 Nc6 5. exd5 Qxd5 6. dxc5 Bxc5 7. Bc4 Qd8 8. 0-0 Nf6 9. Nb3 Bd6 10. Bb5 0-0 11. Bg5 Be7 12. Bxc6 bxc6 13. Qxd8 Rxd8 14. Ne5 Bb7 15. Na5 Rd5 16. Naxc6 Bxc6 17. Nxc6 Rxg5 18. Nxe7+ Kf8 19. Nc6 Rc8 20. Nd4 Rd5 21. c3 Rb8 22. Rab1 Ne4 23. Rfd1 Rbd8 24. f3 Nc5 25. Re1 Rb8 26. Nc2 Rd2 27. Nb4 a5 28. Nc6 Rbxb2 29. Rxb2 Rxb2 30. Rd1 g6 31. Rd8+ Kg7 32. Ra8 Rxa2 33. Rxa5 Rxa5 34. Nxa5 Kf6 35. Nc6 Na4 36. c4 Nb2 37. Na5 Ke5 38. Kf2 Kd4 39. Nc6+ Kc5 40. Nd8 Nxc4 41. Nxf7 Kd5 42. Kg3 Ne5 43. Ng5 h6 44. Ne4 Nd3 45. Nf6+ Kd6 46. Ng8 h5 1/2-1/2

[Event "Madrid-ch sf-B"]
[Site "Madrid"]
[Date "2004.01.10"]
[Round "3.3"]
[White "Garcia Ruiz, Fuentes Aitor"]
[Black "Fernandez Garcia, Miguel Angel"]
[Result "0-1"]
[WhiteElo "2068"]
[BlackElo "2234"]
[PlyCount "72"]
[EventDate "2004.01.08"]
[EventType "swiss"]
[EventRounds "9"]
[EventCountry "ESP"]
[SourceTitle "EXT 2005"]
[Source "ChessBase"]
[SourceDate "2004.11.15"]
[SourceVersion "1"]
[SourceVersionDate "2004.11.15"]
[SourceQuality "1"]

1. d4 d5 2. c4 c6 3. Nf3 e6 4. e3 f5 5. Nc3 Nf6 6. Bd3 Bd6 7. 0-0 0-0 8. Ne5 Bxe5 9. dxe5 Ng4 10. f4 dxc4 11. Bxc4 Qh4 12. h3 Nxe5 13. Bxe6+ Bxe6 14. fxe5 Rd8 15. Qf3 Nd7 16. Qf4 Qe7 17. e4 fxe4 18. Qxe4 Nc5 19. Qb4 a5 20. Qa3 b5 21. Ne4 b4 22. Qe3 Nxe4 23. Qxe4 Bd5 24. Qe2 Qe6 25. b3 c5 26. Rf4 a4 27. Qe3 axb3 28. Qxc5 Qxe5 29. Rd4 Qe1+ 30. Kh2 Qc3 31. Rxd5 Qxa1 32. Bg5 Rdc8 33. Qe7 Re8 34. Qb7 bxa2 35. Rf5 Qd4 36. Qf7+ Kh8 0-1